Nữ hoàng Sôkôla

Đã lưu trong:
Sonraí Bibleagrafaíochta
Príomhúdar: Nữ hoàng Sôkôla
Formáid: Leabhar
Teanga:Undetermined
Foilsithe: Hà Nội Phụ Nữ 1985
Ábhair:
Clibeanna: Cuir Clib Leis
Gan Chlibeanna, Bí ar an gcéad duine leis an taifead seo a chlibeáil!
Thư viện lưu trữ: Trung tâm Học liệu Trường Đại học Cần Thơ
LEADER 00530nam a2200169Ia 4500
001 CTU_15900
008 210402s9999 xx 000 0 und d
082 |a 891.734 
082 |b N550 
100 |a Nữ hoàng Sôkôla 
245 0 |a Nữ hoàng Sôkôla 
245 0 |c Nữ hoàng Sôkôla, A. Aleksin, A. Natr, S. Atonov; Dịch giả: Mộng Quỳnh 
260 |a Hà Nội 
260 |b Phụ Nữ 
260 |c 1985 
650 |a russian fiction 
980 |a Trung tâm Học liệu Trường Đại học Cần Thơ